<?xml version="1.0" encoding="UTF-8"?>
<record
    xmlns:xsi="http://www.w3.org/2001/XMLSchema-instance"
    xsi:schemaLocation="http://www.loc.gov/MARC21/slim http://www.loc.gov/standards/marcxml/schema/MARC21slim.xsd"
    xmlns="http://www.loc.gov/MARC21/slim">

  <leader>02041cam a22003018a 4500</leader>
  <controlfield tag="001">14169112</controlfield>
  <controlfield tag="003">OSt</controlfield>
  <controlfield tag="005">20220907154755.0</controlfield>
  <controlfield tag="008">051115s2006    nju      b    001 0 eng  </controlfield>
  <datafield tag="010" ind1=" " ind2=" ">
    <subfield code="a">  2012017351</subfield>
  </datafield>
  <datafield tag="020" ind1=" " ind2=" ">
    <subfield code="a">9780132720823 / 9780273768562</subfield>
  </datafield>
  <datafield tag="040" ind1=" " ind2=" ">
    <subfield code="a">DLC</subfield>
    <subfield code="c">LC</subfield>
  </datafield>
  <datafield tag="042" ind1=" " ind2=" ">
    <subfield code="a">pcc</subfield>
  </datafield>
  <datafield tag="050" ind1="0" ind2="0">
    <subfield code="a">HF5429.B45(12e)</subfield>
  </datafield>
  <datafield tag="082" ind1="0" ind2="0">
    <subfield code="a">658.8/7</subfield>
    <subfield code="2">22</subfield>
  </datafield>
  <datafield tag="100" ind1="1" ind2=" ">
    <subfield code="a">Berman, Barry.</subfield>
    <subfield code="9">327</subfield>
  </datafield>
  <datafield tag="245" ind1="1" ind2="0">
    <subfield code="a">Retail management: a strategic approach. /</subfield>
    <subfield code="c">Barry Berman, Joel R. Evans.</subfield>
  </datafield>
  <datafield tag="250" ind1=" " ind2=" ">
    <subfield code="a">12th ed.</subfield>
  </datafield>
  <datafield tag="260" ind1=" " ind2=" ">
    <subfield code="a">Upper Saddle River, New Jersey:</subfield>
    <subfield code="b">Pearson,</subfield>
    <subfield code="c">2013.</subfield>
  </datafield>
  <datafield tag="300" ind1=" " ind2=" ">
    <subfield code="a">xxviii, 589 p.:</subfield>
    <subfield code="b">ill.;</subfield>
    <subfield code="c">29 cm.</subfield>
  </datafield>
  <datafield tag="504" ind1=" " ind2=" ">
    <subfield code="a">Includes bibliographical references and indexes.</subfield>
  </datafield>
  <datafield tag="505" ind1=" " ind2=" ">
    <subfield code="a">Contents: 1. An Overview of strategic retail management: An introduction to retailing  -- Building and sustaining relationships in retailing -- Strategic planning in retailing -- 2. Situation analysis: Retail institutions by ownership -- Retail institutions by store-based strategy mix -- Web, nonstore-based and other forms of nontraditional retailing -- 3. Targeting customers and gathering information: Identifying and understanding consumers -- Information gathering and processing in retailing -- 4. Choosing a store location: Trading-area analysis -- Site selection -- 5. Managing a retail business: Retail organization and human resource management -- Operations management: Financial dimensions -- Operations management: operational dimensions -- 6. Merchandise management and pricing: Developing merchandise plans -- Implementing merchandise plans -- Financial merchandise management -- Pricing in retailing -- 7. Communicating with the customer: Establishing and maintaining a retail image -- Promotional strategy -- 8. Putting it all together: Integrating and controlling the retail strategy --</subfield>
  </datafield>
  <datafield tag="650" ind1=" " ind2="0">
    <subfield code="a">Retail trade</subfield>
    <subfield code="x">Management.</subfield>
    <subfield code="9">328</subfield>
  </datafield>
  <datafield tag="700" ind1="1" ind2=" ">
    <subfield code="a">Evans, Joel R.</subfield>
    <subfield code="9">329</subfield>
  </datafield>
  <datafield tag="906" ind1=" " ind2=" ">
    <subfield code="a">7</subfield>
    <subfield code="b">cbc</subfield>
    <subfield code="c">orignew</subfield>
    <subfield code="d">1</subfield>
    <subfield code="e">ocip</subfield>
    <subfield code="f">20</subfield>
    <subfield code="g">y-gencatlg</subfield>
  </datafield>
  <datafield tag="942" ind1=" " ind2=" ">
    <subfield code="2">lcc</subfield>
    <subfield code="c">BK</subfield>
  </datafield>
  <datafield tag="999" ind1=" " ind2=" ">
    <subfield code="c">8150</subfield>
    <subfield code="d">15650</subfield>
  </datafield>
  <datafield tag="952" ind1=" " ind2=" ">
    <subfield code="0">0</subfield>
    <subfield code="1">0</subfield>
    <subfield code="2">lcc</subfield>
    <subfield code="4">0</subfield>
    <subfield code="7">0</subfield>
    <subfield code="a">WIUC-KL</subfield>
    <subfield code="b">WIUC-KL</subfield>
    <subfield code="c">GEN</subfield>
    <subfield code="d">2019-11-07</subfield>
    <subfield code="o">HF5429.B45(12e)</subfield>
    <subfield code="p">K/1472/1472/19</subfield>
    <subfield code="r">2021-11-29 00:00:00</subfield>
    <subfield code="t">1</subfield>
    <subfield code="w">2021-11-29</subfield>
    <subfield code="y">BK</subfield>
  </datafield>
  <datafield tag="952" ind1=" " ind2=" ">
    <subfield code="0">0</subfield>
    <subfield code="1">0</subfield>
    <subfield code="2">lcc</subfield>
    <subfield code="4">0</subfield>
    <subfield code="7">0</subfield>
    <subfield code="a">WIUC-KL</subfield>
    <subfield code="b">WIUC-KL</subfield>
    <subfield code="c">GEN</subfield>
    <subfield code="d">2019-11-07</subfield>
    <subfield code="o">HF5429.B451(12e)</subfield>
    <subfield code="p">K/1473/1473/19</subfield>
    <subfield code="r">2021-11-29 00:00:00</subfield>
    <subfield code="t">2</subfield>
    <subfield code="w">2021-11-29</subfield>
    <subfield code="y">BK</subfield>
  </datafield>
  <datafield tag="952" ind1=" " ind2=" ">
    <subfield code="0">0</subfield>
    <subfield code="1">0</subfield>
    <subfield code="2">lcc</subfield>
    <subfield code="4">0</subfield>
    <subfield code="7">0</subfield>
    <subfield code="a">WIUC-KL</subfield>
    <subfield code="b">WIUC-KL</subfield>
    <subfield code="c">GEN</subfield>
    <subfield code="d">2019-11-07</subfield>
    <subfield code="o">HF5429.B452(12e)</subfield>
    <subfield code="p">K/1474/1474/19</subfield>
    <subfield code="r">2021-11-29 00:00:00</subfield>
    <subfield code="t">3</subfield>
    <subfield code="w">2021-11-29</subfield>
    <subfield code="y">BK</subfield>
  </datafield>
  <datafield tag="952" ind1=" " ind2=" ">
    <subfield code="0">0</subfield>
    <subfield code="1">0</subfield>
    <subfield code="2">lcc</subfield>
    <subfield code="4">0</subfield>
    <subfield code="7">0</subfield>
    <subfield code="a">WIUC-KL</subfield>
    <subfield code="b">WIUC-KL</subfield>
    <subfield code="c">GEN</subfield>
    <subfield code="d">2019-11-07</subfield>
    <subfield code="o">HF5429.B453(12e)</subfield>
    <subfield code="p">K/1475/1475/19</subfield>
    <subfield code="r">2021-11-29 00:00:00</subfield>
    <subfield code="t">4</subfield>
    <subfield code="w">2021-11-29</subfield>
    <subfield code="y">BK</subfield>
  </datafield>
  <datafield tag="952" ind1=" " ind2=" ">
    <subfield code="0">0</subfield>
    <subfield code="1">0</subfield>
    <subfield code="2">lcc</subfield>
    <subfield code="4">0</subfield>
    <subfield code="7">0</subfield>
    <subfield code="a">WIUC-KL</subfield>
    <subfield code="b">WIUC-KL</subfield>
    <subfield code="c">GEN</subfield>
    <subfield code="d">2019-11-07</subfield>
    <subfield code="o">HF5429.B454(12e)</subfield>
    <subfield code="p">K/1476/1476/19</subfield>
    <subfield code="r">2021-11-29 00:00:00</subfield>
    <subfield code="t">5</subfield>
    <subfield code="w">2021-11-29</subfield>
    <subfield code="y">BK</subfield>
  </datafield>
  <datafield tag="952" ind1=" " ind2=" ">
    <subfield code="0">0</subfield>
    <subfield code="1">0</subfield>
    <subfield code="2">lcc</subfield>
    <subfield code="4">0</subfield>
    <subfield code="7">0</subfield>
    <subfield code="a">WIUC-KL</subfield>
    <subfield code="b">WIUC-KL</subfield>
    <subfield code="c">GEN</subfield>
    <subfield code="d">2019-11-07</subfield>
    <subfield code="o">HF5429.B455(12e)</subfield>
    <subfield code="p">K/1477/1477/19</subfield>
    <subfield code="r">2021-11-29 00:00:00</subfield>
    <subfield code="t">6</subfield>
    <subfield code="w">2021-11-29</subfield>
    <subfield code="y">BK</subfield>
  </datafield>
  <datafield tag="952" ind1=" " ind2=" ">
    <subfield code="0">0</subfield>
    <subfield code="1">0</subfield>
    <subfield code="2">lcc</subfield>
    <subfield code="4">0</subfield>
    <subfield code="7">0</subfield>
    <subfield code="a">WIUC-KL</subfield>
    <subfield code="b">WIUC-KL</subfield>
    <subfield code="c">GEN</subfield>
    <subfield code="d">2019-11-07</subfield>
    <subfield code="o">HF5429.B456(12e)</subfield>
    <subfield code="p">K/1478/1478/19</subfield>
    <subfield code="r">2021-11-29 00:00:00</subfield>
    <subfield code="t">7</subfield>
    <subfield code="w">2021-11-29</subfield>
    <subfield code="y">BK</subfield>
  </datafield>
  <datafield tag="952" ind1=" " ind2=" ">
    <subfield code="0">0</subfield>
    <subfield code="1">0</subfield>
    <subfield code="2">lcc</subfield>
    <subfield code="4">0</subfield>
    <subfield code="7">0</subfield>
    <subfield code="a">WIUC-KL</subfield>
    <subfield code="b">WIUC-KL</subfield>
    <subfield code="c">GEN</subfield>
    <subfield code="d">2019-11-07</subfield>
    <subfield code="o">HF5429.B457(12e)</subfield>
    <subfield code="p">K/1607/1607/19</subfield>
    <subfield code="r">2021-12-13 00:00:00</subfield>
    <subfield code="t">8</subfield>
    <subfield code="w">2021-11-29</subfield>
    <subfield code="y">BK</subfield>
  </datafield>
</record>
